000 00687 a2200193 4500
020 _a3-540-24133-7
020 _a978-3-540-24133-1
082 0 4 _a515.7248
090 _c1522
_d1522
100 1 _aChang, Kung-Ching.
245 1 0 _aMethods in nonlinear analysis /
_cKung-Ching Chang.
250 _aSoftcover reprint of hardcover 1st ed. 2005.
260 _a[S.l.] :
_bSpringer,
_c2010.
300 _a452 p. ;
_c23 cm.
490 1 _aSpringer monographs in mathematics.
830 0 _aSpringer monographs in mathematics.
942 _aSNS
_cBK
_k515.7248 CHA
999 _c30133
_d30133